[Event "Cairo Al Ain op"]
[Site "Cairo"]
[Date "2023.11.29"]
[Round "5"]
[White "Mohamed, Adam"]
[Black "Moustafa, Haysam"]
[Result "0-1"]
[WhiteElo "1313"]
[BlackElo "1725"]
[PlyCount "86"]
[EventDate "2023.11.27"]
[EventType "swiss"]
[EventRounds "10"]
[EventCountry "EGY"]
[SourceTitle "CB49_2023"]
[SourceDate "2023.12.06"]
[SourceVersion "1"]
[SourceVersionDate "2023.12.06"]
[SourceQuality "1"]

1. d4 c5 2. d5 f5 3. Bf4 Nf6 4. c4 d6 5. Nc3 e5 6. Bg5 Be7 7. e3 Nxd5 8. Nxd5 Bxg5 9. Be2 0-0 10. h3 Nc6 11. Nf3 Bf6 12. Qd2 e4 13. Nh2 Be6 14. g4 Bh4 15. Nf4 Qd7 16. Rg1 Ne5 17. gxf5 Bxf5 18. Bg4 Bxg4 19. Nxg4 Nf3+ 20. Ke2 Nxd2 21. Kxd2 Kh8 22. Rg2 b5 23. Rd1 bxc4 24. Kc1 Rab8 25. Rd2 Bf6 26. Nxf6 Rxf6 27. Nh5 Rg6 28. Rxg6 hxg6 29. Nf4 g5 30. Nd5 Rf8 31. Kc2 Rf3 32. Kc3 Rxh3 33. Kxc4 Rf3 34. a4 Qf7 35. Rd1 Rxf2 36. Rh1+ Kg8 37. Rg1 Rf5 38. Kb5 Qxd5 39. a5 c4+ 40. Ka6 Qxa5+ 41. Kb7 Qb6+ 42. Kc8 Rf7 43. b3 Qc7# 0-1